| 000 | 00405nam a2200169Ia 4500 | ||
|---|---|---|---|
| 008 | 221030s9999 xx 000 0 und d | ||
| 020 | _a8120312635 | ||
| 041 | _aEnglish | ||
| 082 |
_a105.23 _bKot |
||
| 100 | _aD. P. Kothari | ||
| 245 | 0 | _aTheory & Problems of Basic Electrical engineering | |
| 260 |
_bPHI _aNew Delhi _c1998 |
||
| 300 | _a510 | ||
| 650 | _aEE | ||
| 700 | _aI. J Nagrath | ||
| 942 | _cBK | ||
| 999 |
_c1324 _d1324 |
||